Miglior Giocatore del Mondiale - Statistics

Statistiche generali
  • Questo quiz è stato fatto 39 volte
  • Il punteggio medio è 10 su 12
Statistiche sulle risposte
Edizione Miglior giocatore Nazionale % Corretto
2014 Lionel Messi Argentina
97%
2022 Lionel Messi Argentina
97%
2006 Zinédine Zidane Francia
97%
1986 Diego Armando Maradona Argentina
94%
2018 Luka Modrić Croazia
94%
1982 Paolo Rossi Italia
92%
1998 Ronaldo Brasile
92%
2010 Diego Forlán Uruguay
75%
1994 Romàrio Brasile
75%
1990 Salvatore Schillaci Italia
75%
2002 Oliver Kahn Germania
61%
1978 Mario Kempes Argentina
44%
Nessun quiz corrispondente trovato
Distribuzione punteggi
Percentuale di utenti per punteggio
Percentile per numero di risposta
I tuoi punteggi nel tempo
Non hai fatto questo quiz